000 01074cas a2200337 a 4500
001 ocm54409711
003 OCoLC
005 20100827052031.0
008 040213c20029999tz wr n o 0 0eng d
006 m d
007 cr cnu||||||||
040 _aEYM
_beng
_cEYM
_dOCLCQ
022 _y0856-6135
_l0856-6135
029 1 _aNZ1
_b13104112
035 _a(OCoLC)54409711
043 _af-tz---
049 _aSZTA
130 0 _aArusha times (Online)
245 1 4 _aThe Arusha Times on the Web.
_h[electronic resource].
260 _aArusha :
_bArusha Times,
_cc2001.
310 _aWeekly
362 1 _aCoverage as of Feb. 10, 2004: no. 00204 (Jan. 19-25, 2002)-
530 _aAlso issued in print.
538 _aMode of access: World Wide Web.
588 _aDescription based on: No. 00204 (Jan. 19-25, 2002); title from homepage (viewed Feb. 10, 2004).
651 0 _aArusha (Tanzania)
_vNewspapers.
730 0 _aArusha times.
776 1 _tArusha times
_x0856-6135
_w(OCoLC)49536281
856 4 0 _uhttp://www.arushatimes.co.tz/
994 _aC0
_bSZT
999 _c1019
_d1019